|
|
|
|
| LEADER |
00000nam0a2200000 4500 |
| 001 |
275406 |
| 005 |
20231031230645.0 |
| 020 |
|
|
|a RU
|b 85-107652
|
| 035 |
|
|
|a (RuTPU)RU\TPU\book\298647
|
| 090 |
|
|
|a 275406
|
| 100 |
|
|
|a 20141113d1985 k y0rusy5003 ca
|
| 101 |
0 |
|
|a rus
|
| 102 |
|
|
|a RU
|
| 105 |
|
|
|a y z 000zy
|
| 200 |
1 |
|
|a Электромагнитная индукция в неоднородных тонких слоях
|f Б. Ш. Зингер, Э. Б. Файнберг
|g Академия наук СССР (АН СССР), Институт земного магнетизма, ионосферы и распространения радиоволн (ИЗМИРАН)
|
| 210 |
|
|
|a Москва
|c Изд-во ИЗМИРАН
|d 1985
|
| 215 |
|
|
|a 234 с.
|
| 606 |
1 |
|
|a Электроразведка
|2 stltpush
|3 (RuTPU)RU\TPU\subj\20751
|
| 610 |
1 |
|
|a электромагнитная индукция
|
| 610 |
1 |
|
|a неоднородные слои
|
| 610 |
1 |
|
|a тонкие слои
|
| 610 |
1 |
|
|a электромагнитное поле
|
| 610 |
1 |
|
|a итерационные методы
|
| 610 |
1 |
|
|a глубинные неоднородности
|
| 610 |
1 |
|
|a моделирование
|
| 610 |
1 |
|
|a плиты
|
| 610 |
1 |
|
|a токовые системы
|
| 675 |
|
|
|a 550.837
|z rus
|v 4
|
| 700 |
|
1 |
|a Зингер
|b Б. Ш.
|4 070
|
| 701 |
|
1 |
|a Файнберг
|b Э. Б.
|g Эдуард Борисович
|4 070
|
| 712 |
0 |
2 |
|a Академия наук СССР (АН СССР)
|b Институт земного магнетизма, ионосферы и распространения радиоволн (ИЗМИРАН)
|2 stltpush
|3 (RuTPU)RU\TPU\col\12157
|
| 801 |
|
0 |
|a RU
|b RuMRKP
|c 19950704
|g psbo
|
| 801 |
|
1 |
|a RU
|b 63413507
|c 20141113
|
| 801 |
|
2 |
|a RU
|b 63413507
|c 20190910
|g RCR
|
| 942 |
|
|
|c BK
|